000 00310nam a22001457a 4500
008 230210b ||||| |||| 00| 0 eng d
020 _a9780538757034
041 _aeng
080 _28 EDITION
_a573
082 _a573STA
100 _a16.2
101 _aBIO
245 _aBIOLOGY
_cSTARR E
942 _2udc
_cBK
999 _c59348
_d59348